000 00422nam a2200157Ia 4500
003 GCL
008 140319s9999 xx 000 0 ara d
040 _aGCL /
_cGCL
082 0 4 _aط
_b823.087
_bع ا
100 1 _aعبدالمقصود محمد
245 1 0 _aاميرة ضوء القمر /
_cعبدالمقصود محمد
490 _a
650 0 4 _aالاطفال
650 0 4 _aقصص الاطفال
942 _2ddc
_cBK
999 _c46254
_d46254